Entry Personal Name
Number of records used in: 4
001 - CONTROL NUMBER
003 - CONTROL NUMBER IDENTIFIER
005 - DATE AND TIME OF LATEST TRANSACTION
- control field:
20200124135934.0
008 - FIXED-LENGTH DATA ELEMENTS
- fixed length control field:
851031n| azannaabn |n aaa
010 ## - LIBRARY OF CONGRESS CONTROL NUMBER
- LC control number:
n 85219750
- Canceled/invalid LC control number:
no2010086270
035 ## - SYSTEM CONTROL NUMBER
- System control number:
(OCoLC)oca01454791
040 ## - CATALOGING SOURCE
- Original cataloging agency:
DLC
- Language of cataloging:
eng
- Description conventions:
rda
- Transcribing agency:
DLC
- Modifying agency:
DLC
- Modifying agency:
Uk
- Modifying agency:
DLC
- Modifying agency:
PSt
046 ## - SPECIAL CODED DATES
100 1# - HEADING--PERSONAL NAME
- Personal name:
Laudon, Kenneth C.,
- Dates associated with a name:
1944-
372 ## - FIELD OF ACTIVITY
- Field of activity:
Information systems
373 ## - ASSOCIATED GROUP
- Associated group:
Leonard N. Stern School of Business, New York University
375 ## - GENDER
377 ## - ASSOCIATED LANGUAGE
670 ## - SOURCE DATA FOUND
- Source citation:
His Dossier society, 1986:
- Information found:
CIP t.p. (Kenneth C. Laudon)
670 ## - SOURCE DATA FOUND
- Source citation:
LC data base, 10-30-85
- Information found:
(hdg.: Laudon, Kenneth C., 1944- )
670 ## - SOURCE DATA FOUND
- Source citation:
Information systems, c1995:
- Information found:
t.p. (Kenneth C. Laudon, New York University) text (prof. of information systems; B.A. in economics and philosophy from Stanford Univ. and a Ph D. from Columbia Univ.)
670 ## - SOURCE DATA FOUND
- Source citation:
BL auth. file, 27 Mar. 2003
- Information found:
(hdg.: Laudon, Kenneth C. (Kenneth Craig), 1944-)
670 ## - SOURCE DATA FOUND
- Source citation:
Management information systems, c2014
- Information found:
title page (Kenneth C. Laudon) page iii (professor of Information Systems at New York University's Stern School of Business)